[Event "Internacional Femenino Linares 2013"]
[Site "Linares ESP"]
[Date "2013.09.11"]
[Round "5.5"]
[White "Daulyte, Deimante"]
[Black "Brunello, Marina"]
[Result "1/2-1/2"]
[WhiteElo "2371"]
[BlackElo "2246"]
[PlyCount "119"]
[EventDate "2013.09.08"]
[EventType "tourn"]
[EventRounds "9"]
[EventCountry "ESP"]
[EventCategory "2"]
[Source "lmi"]
[SourceDate "2013.09.08"]

1. e4 c5 2. Nc3 d6 3. f4 g6 4. Nf3 Bg7 5. Bb5+ Bd7 6. Bc4 Nc6 7. O-O Na5 8. Be2
e6 9. d3 Nc6 10. Qe1 Nd4 11. Bd1 Ne7 12. Nxd4 cxd4 13. Nb1 O-O 14. Nd2 Rc8 15.
Nf3 Nc6 16. Qg3 f5 17. exf5 exf5 18. Bd2 Qb6 19. b4 Ne7 20. Ng5 Nd5 21. Bf3 Ne3
22. Rfc1 Bf6 23. Qh4 h5 24. Qg3 Rfe8 25. Bxh5 gxh5 26. Ne4+ Bg7 27. Nf6+ Kf7
28. Nxe8 Rxe8 29. Qh3 Kg8 30. a4 Qc6 31. c4 Qxg2+ 32. Qxg2 Nxg2 33. Kxg2 Re2+
34. Kg3 Rxd2 35. Rd1 Re2 36. Re1 Re3+ 37. Rxe3 dxe3 38. Rg1 Bd4 39. Kf3+ Kf7
40. b5 h4 41. Rg5 Kf6 42. Rh5 Be8 43. Rxh4 Bf7 44. Ke2 a5 45. bxa6 bxa6 46. a5
Be8 47. Rh8 Ke7 48. Rh7+ Ke6 49. Kf3 Bc6+ 50. Ke2 Bg2 51. Rh5 Bc5 52. Rh8 Bc6
53. Rg8 Kf7 54. Rg5 Kf6 55. h4 Be8 56. h5 Bd4 57. Kf3 Bf7 58. Ke2 Be8 59. Kf3
Bf7 60. Ke2 1/2-1/2

[Event "Internacional Femenino Linares 2013"]
[Site "Linares ESP"]
[Date "2013.09.11"]
[Round "6.1"]
[White "Collado Barbas, Laura"]
[Black "Brunello, Marina"]
[Result "0-1"]
[WhiteElo "2152"]
[BlackElo "2246"]
[PlyCount "104"]
[EventDate "2013.09.08"]
[EventType "tourn"]
[EventRounds "9"]
[EventCountry "ESP"]
[EventCategory "2"]
[Source "lmi"]
[SourceDate "2013.09.08"]

1. d4 d5 2. c4 c6 3. Nf3 Nf6 4. e3 Bf5 5. cxd5 cxd5 6. Nc3 e6 7. Ne5 Nbd7 8. g4
Bg6 9. h4 h5 10. Nxg6 fxg6 11. g5 Ng8 12. Bh3 Qb6 13. O-O Ne7 14. e4 dxe4 15.
Re1 Nf5 16. Rxe4 Be7 17. Qa4 Rd8 18. Qc4 Qc6 19. Qe2 O-O 20. Bxf5 Rxf5 21. d5
Qc7 22. Rxe6 Bc5 23. Be3 Ne5 24. Nb5 Qc8 25. Bxc5 Nf3+ 26. Kf1 Qxc5 27. Nc3
Rdf8 28. Ne4 Qxd5 29. Re7 Nd4 30. Qd2 Qc4+ 31. Kg2 Ne6 32. Re1 Nf4+ 33. Kh1 Nd3
34. Rf1 Rf4 35. f3 Ne5 36. Rc1 Qb5 37. Nf6+ R4xf6 38. gxf6 Rxf6 39. Qd8+ Rf8
40. Qc7 Nf7 41. Qxb7 Qf5 42. Qe4 Qh3+ 43. Kg1 Qg3+ 44. Kh1 Qh3+ 45. Kg1 Qg3+
46. Kf1 Ne5 47. Rc3 Nxf3 48. Qd5+ Kh8 49. Rf7 Re8 50. Re7 Qg1+ 51. Ke2 Rxe7+
52. Kxf3 Qh1+ 0-1

[Event "Internacional Femenino Linares 2013"]
[Site "Linares ESP"]
[Date "2013.09.11"]
[Round "6.2"]
[White "Savina, Anastasia"]
[Black "Daulyte, Deimante"]
[Result "0-1"]
[WhiteElo "2390"]
[BlackElo "2371"]
[PlyCount "64"]
[EventDate "2013.09.08"]
[EventType "tourn"]
[EventRounds "9"]
[EventCountry "ESP"]
[EventCategory "2"]
[Source "lmi"]
[SourceDate "2013.09.08"]

1. d4 d5 2. c4 e6 3. Nc3 c5 4. cxd5 exd5 5. Nf3 Nc6 6. g3 Nf6 7. Bg2 c4 8. O-O
Be7 9. Ne5 O-O 10. b3 cxb3 11. Nxc6 bxc6 12. axb3 Bf5 13. Na4 Qa5 14. Bg5 Rfb8
15. Nc5 Qc3 16. Rc1 Qa5 17. f3 h6 18. Bd2 Qb5 19. b4 Nd7 20. g4 Nxc5 21. bxc5
Bg6 22. f4 Be4 23. Bxe4 dxe4 24. g5 Qb3 25. Rc3 Qd5 26. Qc1 hxg5 27. fxg5 Qxd4+
28. Be3 Qd5 29. Rc4 Rb3 30. Rd4 Qe6 31. Rf4 Qg6 32. Kf2 Rb1 0-1

[Event "Internacional Femenino Linares 2013"]
[Site "Linares ESP"]
[Date "2013.09.11"]
[Round "6.3"]
[White "Martin Perez, Laura"]
[Black "Guramishvili, Sopiko"]
[Result "0-1"]
[WhiteElo "2034"]
[BlackElo "2431"]
[PlyCount "98"]
[EventDate "2013.09.08"]
[EventType "tourn"]
[EventRounds "9"]
[EventCountry "ESP"]
[EventCategory "2"]
[Source "lmi"]
[SourceDate "2013.09.08"]

1. e4 c5 2. Nf3 d6 3. d4 Nf6 4. Nc3 cxd4 5. Nxd4 a6 6. Bc4 e6 7. Bb3 b5 8. O-O
Be7 9. Qf3 Qb6 10. Be3 Qb7 11. Qg3 Nbd7 12. f3 Nc5 13. Rad1 Nxb3 14. axb3 O-O
15. Nce2 Kh8 16. Bg5 Qc7 17. c3 Bb7 18. Kh1 Rac8 19. Rfe1 Rfd8 20. b4 h6 21.
Be3 Nd7 22. Nf4 Bf8 23. Nb3 Nf6 24. Ne2 e5 25. Qf2 Qe7 26. Ng3 g6 27. Rd2 Qe6
28. Na5 Ba8 29. Red1 Re8 30. Re2 Bg7 31. Bc1 d5 32. exd5 Nxd5 33. Ne4 f5 34.
Nc5 Qf7 35. Nab3 g5 36. Kg1 Nf6 37. Rde1 Nd5 38. Rd1 Rcd8 39. Ree1 Qg6 40. Nd2
g4 41. fxg4 Qxg4 42. h3 Qg6 43. Nf3 f4 44. Ne4 Rg8 45. Kh2 Rde8 46. Nh4 Qh5 47.
Re2 Ref8 48. Rg1 Ne3 49. Nc5 Bf6 0-1

[Event "Internacional Femenino Linares 2013"]
[Site "Linares ESP"]
[Date "2013.09.11"]
[Round "6.4"]
[White "Milliet, Sophie"]
[Black "Aranaz Murillo, Amalia"]
[Result "1-0"]
[WhiteElo "2397"]
[BlackElo "2262"]
[PlyCount "93"]
[EventDate "2013.09.08"]
[EventType "tourn"]
[EventRounds "9"]
[EventCountry "ESP"]
[EventCategory "2"]
[Source "lmi"]
[SourceDate "2013.09.08"]

1. e4 c6 2. d4 d5 3. f3 dxe4 4. fxe4 e5 5. Nf3 Bg4 6. c3 Nd7 7. Bd3 Ngf6 8. O-O
Bd6 9. Nbd2 O-O 10. h3 Bh5 11. Qc2 b5 12. Nh4 Re8 13. Ndf3 Qb6 14. Nf5 Bf8 15.
Be3 Bxf3 16. Rxf3 c5 17. d5 Qb7 18. c4 bxc4 19. Bxc4 Nb6 20. b3 Nxc4 21. bxc4
Rab8 22. Bg5 Nd7 23. Rb3 Qa6 24. Rf1 Rb4 25. Qf2 f6 26. Ne3 Reb8 27. Qf5 Qd6
28. Rxb4 Rxb4 29. Bh4 Nb6 30. Qg4 Kh8 31. a3 Ra4 32. Rf3 Nxc4 33. Nxc4 Rxc4 34.
Bxf6 h6 35. Bh4 Rc1+ 36. Kh2 c4 37. Rf7 Qc5 38. Bf2 Qxa3 39. Qc8 Kg8 40. Qe6
Kh8 41. Qe8 Kg8 42. Qe6 Kh8 43. Qe8 Kg8 44. Rxa7 Qd6 45. Qf7+ Kh7 46. Ra8 Be7
47. Qf5+ 1-0

[Event "Internacional Femenino Linares 2013"]
[Site "Linares ESP"]
[Date "2013.09.11"]
[Round "6.5"]
[White "Matnadze, Ana"]
[Black "Hernandez Estevez, Yudania"]
[Result "1/2-1/2"]
[WhiteElo "2384"]
[BlackElo "2248"]
[PlyCount "77"]
[EventDate "2013.09.08"]
[EventType "tourn"]
[EventRounds "9"]
[EventCountry "ESP"]
[EventCategory "2"]
[Source "lmi"]
[SourceDate "2013.09.08"]

1. d4 d5 2. g3 Nf6 3. Bg2 g6 4. Nf3 Bg7 5. O-O O-O 6. c4 c6 7. Nbd2 Nbd7 8.
cxd5 cxd5 9. Nb3 Ne4 10. Ng5 Ndf6 11. f3 Nd6 12. Nh3 Bf5 13. g4 Bd7 14. Nf4 Bc6
15. Nd3 b6 16. Ne5 Bb7 17. Nd2 Rc8 18. b3 Nb5 19. Bb2 Nd7 20. f4 f6 21. Nd3 f5
22. Ne5 Nxe5 23. dxe5 fxg4 24. e4 dxe4 25. Nxe4 Qxd1 26. Raxd1 Rc2 27. Rf2 Rxf2
28. Nxf2 Bxg2 29. Kxg2 Rxf4 30. Rd7 Kf7 31. Rd5 Nc7 32. Rd7 Nb5 33. Rd5 Nc7 34.
Rd7 Nb5 35. Rxa7 h5 36. Ba3 Bf8 37. Rb7 Rf3 38. Bc1 Na3 39. Rxb6 1/2-1/2

[Event "Internacional Femenino Linares 2013"]
[Site "Linares ESP"]
[Date "2013.09.12"]
[Round "7.1"]
[White "Hernandez Estevez, Yudania"]
[Black "Collado Barbas, Laura"]
[Result "1-0"]
[WhiteElo "2248"]
[BlackElo "2152"]
[PlyCount "119"]
[EventDate "2013.09.08"]
[EventType "tourn"]
[EventRounds "9"]
[EventCountry "ESP"]
[EventCategory "2"]
[Source "lmi"]
[SourceDate "2013.09.08"]

1. e4 e6 2. d4 d5 3. Nc3 Bb4 4. e5 b6 5. a3 Bf8 6. Nf3 Nc6 7. Bd3 Qd7 8. O-O
Bb7 9. Ne2 O-O-O 10. c3 h6 11. Ne1 Nge7 12. b4 Nb8 13. a4 a6 14. h3 Nec6 15. f4
g6 16. Nf3 Be7 17. Nh2 Rdg8 18. Be3 Nd8 19. b5 a5 20. Qc2 c5 21. c4 dxc4 22.
Bxc4 Qc7 23. Rac1 Nd7 24. Rfd1 cxd4 25. Nxd4 Bc5 26. Qf2 Kb8 27. Ng4 Be4 28.
Nb3 Ba3 29. Bd5 Bxc1 30. Rxc1 Qxc1+ 31. Nxc1 Bxd5 32. Bxb6 Nb7 33. Ba7+ Ka8 34.
Nd3 Rc8 35. Nf6 Nxf6 36. exf6 Rhd8 37. Ne5 Be4 38. Qe3 Rd1+ 39. Kh2 Bd5 40. Qe2
Ra1 41. Bf2 Ra2 42. Qe3 Nc5 43. Nxf7 Rc7 44. Ne5 Ne4 45. f7 Rxf7 46. Nxf7 Nxf2
47. Qb6 Nd3 48. Qxa5+ Kb8 49. Qb6+ Ka8 50. Kg1 Ra1+ 51. Kh2 Ra2 52. Kg3 Rxg2+
53. Kh4 Rf2 54. Nxh6 Rxf4+ 55. Kg5 Rxa4 56. Qd8+ Kb7 57. Nf7 Nc5 58. Nd6+ Ka7
59. Qc7+ Nb7 60. Nc8+ 1-0

[Event "Internacional Femenino Linares 2013"]
[Site "Linares ESP"]
[Date "2013.09.12"]
[Round "7.2"]
[White "Aranaz Murillo, Amalia"]
[Black "Matnadze, Ana"]
[Result "1/2-1/2"]
[WhiteElo "2262"]
[BlackElo "2384"]
[PlyCount "131"]
[EventDate "2013.09.08"]
[EventType "tourn"]
[EventRounds "9"]
[EventCountry "ESP"]
[EventCategory "2"]
[Source "lmi"]
[SourceDate "2013.09.08"]

1. Nf3 Nf6 2. c4 e6 3. g3 b6 4. Bg2 Bb7 5. O-O g6 6. d4 Bg7 7. Re1 O-O 8. Nc3
Ne4 9. Qd3 d5 10. cxd5 exd5 11. b3 c5 12. Bb2 Nd7 13. Rac1 cxd4 14. Nxd4 Ne5
15. Qd1 Qf6 16. Nxe4 dxe4 17. Nc6 Bxc6 18. Bxe5 Qxe5 19. Rxc6 e3 20. f4 Qa5 21.
Rd6 Rac8 22. Rf1 Qxa2 23. Be4 Bc3 24. f5 Bd2 25. Qa1 Qxa1 26. Rxa1 Bb4 27. Rd7
a5 28. Bd5 Rcd8 29. Bxf7+ Kg7 30. Rxd8 Rxd8 31. fxg6 b5 32. Rc1 hxg6 33. Rc7
Kf6 34. g4 Rd2 35. Kf1 Rd4 36. Be8 Rf4+ 37. Kg1 Rxg4+ 38. Kh1 Bd6 39. Rf7+ Kg5
40. Rf3 a4 41. bxa4 bxa4 42. Rxe3 a3 43. Bf7 Rf4 44. Bb3 Rf2 45. Kg1 Rf8 46.
Re6 Bc5+ 47. Kg2 Bd4 48. Ra6 Rf2+ 49. Kg3 Rxe2 50. Rxa3 Re3+ 51. Kg2 Kf4 52.
Ra4 Rd3 53. Bf7 Rd2+ 54. Kh3 g5 55. Be6 Ke5 56. Bg8 Kf5 57. Ra5+ Be5 58. Ra2
g4+ 59. Kh4 Bb2 60. Kg3 Be5+ 61. Kh4 Bb2 62. Kg3 Be5+ 63. Kh4 Rxa2 64. Bxa2 Kf4
65. Be6 Ke3 66. Bxg4 1/2-1/2

[Event "Internacional Femenino Linares 2013"]
[Site "Linares ESP"]
[Date "2013.09.12"]
[Round "7.3"]
[White "Guramishvili, Sopiko"]
[Black "Milliet, Sophie"]
[Result "1-0"]
[WhiteElo "2431"]
[BlackElo "2397"]
[PlyCount "91"]
[EventDate "2013.09.08"]
[EventType "tourn"]
[EventRounds "9"]
[EventCountry "ESP"]
[EventCategory "2"]
[Source "lmi"]
[SourceDate "2013.09.08"]

1. d4 Nf6 2. c4 c5 3. d5 b5 4. cxb5 a6 5. bxa6 g6 6. Nc3 Bxa6 7. e4 Bxf1 8.
Kxf1 d6 9. Nf3 Bg7 10. g3 Nbd7 11. Kg2 O-O 12. a4 Ra6 13. Qc2 Qa8 14. Ra3 Rc8
15. b3 Rb8 16. h3 Rb4 17. Re1 c4 18. Be3 Nb6 19. Rb1 Nfd7 20. Nd2 h6 21. bxc4
Rxb1 22. Qxb1 Bxc3 23. Rxc3 Nxa4 24. Ra3 Kh7 25. Qa1 Ndc5 26. h4 Qc8 27. e5
dxe5 28. Qxe5 Qd8 29. Ne4 Nxe4 30. Qxe4 Ra8 31. Qf4 Qf8 32. c5 Nb6 33. Rxa8
Nxa8 34. c6 Kg8 35. Kh2 Qd8 36. Bd4 Qd6 37. c7 Nxc7 38. Be5 Qxd5 39. Bxc7 e6
40. Be5 g5 41. Qxg5+ Kf8 42. Bg7+ Ke8 43. Qxd5 exd5 44. Kg2 f5 45. Kf1 Kf7 46.
Bxh6 1-0

[Event "Internacional Femenino Linares 2013"]
[Site "Linares ESP"]
[Date "2013.09.12"]
[Round "7.4"]
[White "Daulyte, Deimante"]
[Black "Martin Perez, Laura"]
[Result "1/2-1/2"]
[WhiteElo "2371"]
[BlackElo "2034"]
[PlyCount "104"]
[EventDate "2013.09.08"]
[EventType "tourn"]
[EventRounds "9"]
[EventCountry "ESP"]
[EventCategory "2"]
[Source "lmi"]
[SourceDate "2013.09.08"]

1. e4 e5 2. Nf3 Nc6 3. Bc4 Bc5 4. O-O Nf6 5. d3 O-O 6. a3 d6 7. Nbd2 Ne7 8. c3
Bb6 9. Ba2 c6 10. Re1 Ng6 11. Nf1 Be6 12. Ng3 Qd7 13. d4 Bxa2 14. Rxa2 Rfe8 15.
b3 h6 16. a4 a6 17. Rd2 Qc7 18. Ba3 Rad8 19. dxe5 dxe5 20. Bd6 Qc8 21. c4 Ba5
22. b4 Rxd6 23. Rxd6 Bxb4 24. Nf5 Bxe1 25. Qxe1 Rd8 26. Nxh6+ gxh6 27. Rxf6 Kg7
28. Rf5 Qe6 29. g3 Qxc4 30. Kg2 b5 31. axb5 axb5 32. Nxe5 Nxe5 33. Rxe5 b4 34.
Qa1 Qd4 35. Qxd4 Rxd4 36. Rc5 b3 37. Rxc6 Rb4 38. Rc1 Rxe4 39. Rb1 Rb4 40. Rb2
Kf6 41. Kf3 Ke5 42. Ke3 Kd5 43. Kd3 Rb6 44. f3 Rf6 45. Rf2 Rb6 46. Rb2 h5 47.
Kc3 Rc6+ 48. Kd3 Rf6 49. Rf2 Rb6 50. Rb2 Rf6 51. Rf2 Rb6 52. Rb2 Ke5 1/2-1/2

[Event "Internacional Femenino Linares 2013"]
[Site "Linares ESP"]
[Date "2013.09.12"]
[Round "7.5"]
[White "Brunello, Marina"]
[Black "Savina, Anastasia"]
[Result "0-1"]
[WhiteElo "2246"]
[BlackElo "2390"]
[PlyCount "56"]
[EventDate "2013.09.08"]
[EventType "tourn"]
[EventRounds "9"]
[EventCountry "ESP"]
[EventCategory "2"]
[Source "lmi"]
[SourceDate "2013.09.08"]

1. e4 e5 2. Nf3 Nc6 3. d4 exd4 4. Nxd4 Bb4+ 5. c3 Bc5 6. Be3 Bb6 7. Be2 Nf6 8.
Nxc6 bxc6 9. Bxb6 axb6 10. e5 Nd5 11. O-O O-O 12. Re1 f6 13. Bc4 Kh8 14. Nd2
fxe5 15. Rxe5 d6 16. Re1 Nf4 17. Bf1 Ra5 18. Ne4 Rh5 19. Ng3 Rh6 20. Re4 Qh4
21. h3 Bxh3 22. gxh3 Nxh3+ 23. Bxh3 Qxh3 24. Qf3 Qh2+ 25. Kf1 Rhf6 26. Nf5 g6
27. Ke2 Rxf5 28. Rh1 Qxf2+ 0-1

[Event "Internacional Femenino Linares 2013"]
[Site "Linares ESP"]
[Date "2013.09.13"]
[Round "8.1"]
[White "Collado Barbas, Laura"]
[Black "Savina, Anastasia"]
[Result "0-1"]
[WhiteElo "2152"]
[BlackElo "2390"]
[PlyCount "148"]
[EventDate "2013.09.08"]
[EventType "tourn"]
[EventRounds "9"]
[EventCountry "ESP"]
[EventCategory "2"]
[Source "lmi"]
[SourceDate "2013.09.08"]

1. d4 Nf6 2. c4 g6 3. Nc3 Bg7 4. e4 d6 5. Nf3 O-O 6. h3 e5 7. d5 a5 8. Bg5 Na6
9. g4 Nc5 10. Nd2 Bd7 11. Be2 c6 12. Qc2 a4 13. O-O-O Qa5 14. Nf1 cxd5 15. Bxf6
Bxf6 16. Rxd5 Bc6 17. Rxd6 Bg5+ 18. Ne3 a3 19. b3 Ne6 20. Rd3 Nd4 21. Qd1 b5
22. Kb1 Rac8 23. Ncd5 Bxd5 24. cxd5 Qb4 25. Qd2 Qd6 26. Bd1 Rc7 27. Rc3 Qb4 28.
Rd3 Rfc8 29. Be2 Qd6 30. h4 Bxe3 31. fxe3 Nxe2 32. Qxe2 Qc5 33. Qd2 Qc2+ 34.
Qxc2 Rxc2 35. b4 Rb2+ 36. Ka1 Rxb4 37. Rxa3 Rxe4 38. g5 Rd8 39. Rd3 Rc4 40. Kb2
Rd6 41. Kb3 Kg7 42. h5 gxh5 43. Rxh5 e4 44. Rd2 Rc5 45. Rdh2 Rdxd5 46. Rxh7+
Kg6 47. R2h6+ Kxg5 48. Rh5+ Kg4 49. Rh4+ Kf3 50. Rh3+ Ke2 51. Rxf7 Rc4 52. Rb7
Rd3+ 53. Kb2 Rb4+ 54. Kc2 Rd2+ 55. Kc3 Rc4+ 56. Kb3 Rcc2 57. Rxb5 Rb2+ 58. Ka4
Rxa2+ 59. Kb4 Rab2+ 60. Kc5 Rdc2+ 61. Kb6 Rxb5+ 62. Kxb5 Rc3 63. Kb4 Rxe3 64.
Rh7 Rd3 65. Kc4 Rd8 66. Rh2+ Kf3 67. Rh3+ Kf2 68. Rh2+ Kg3 69. Rh7 e3 70. Rg7+
Kf2 71. Rf7+ Ke1 72. Kc3 e2 73. Kc2 Rc8+ 74. Kb3 Rc5 0-1

[Event "Internacional Femenino Linares 2013"]
[Site "Linares ESP"]
[Date "2013.09.13"]
[Round "8.2"]
[White "Martin Perez, Laura"]
[Black "Brunello, Marina"]
[Result "0-1"]
[WhiteElo "2034"]
[BlackElo "2246"]
[PlyCount "150"]
[EventDate "2013.09.08"]
[EventType "tourn"]
[EventRounds "9"]
[EventCountry "ESP"]
[EventCategory "2"]
[Source "lmi"]
[SourceDate "2013.09.08"]

1. e4 c5 2. Nf3 d6 3. d4 cxd4 4. Nxd4 Nf6 5. Nc3 a6 6. Bc4 e6 7. Bb3 b5 8. O-O
Be7 9. Qf3 Qb6 10. Be3 Qb7 11. Qg3 b4 12. Na4 O-O 13. Bh6 Ne8 14. Rfe1 Kh8 15.
Bg5 Nf6 16. Qh4 Nc6 17. Nxc6 Qxc6 18. Re3 e5 19. Rd1 Qc7 20. Red3 Be6 21. f3
Rab8 22. c3 Qa5 23. cxb4 Qxb4 24. Bd2 Qb7 25. Qe1 h6 26. Be3 Nd7 27. Qf2 Rfc8
28. h3 Qb4 29. Bd2 Qb5 30. Be3 Bxb3 31. axb3 Bf8 32. Kh2 Rc6 33. R1d2 Kg8 34.
Qg3 Kh8 35. Qf2 Nf6 36. Qh4 Ne8 37. Qh5 g6 38. Qh4 Kh7 39. g4 Rc2 40. Qf2 Rc1
41. Nc3 Qa5 42. Ne2 Rb1 43. Nc3 Ra1 44. Ne2 Qa2 45. Ng3 Rxb3 46. Rxb3 Qxb3 47.
Qe2 Nc7 48. Rd3 Qb4 49. Qd2 Qb5 50. Qe2 Rb1 51. Rd2 Qb3 52. h4 d5 53. exd5 Nxd5
54. Bf2 Bg7 55. Qe4 Rxb2 56. Rxb2 Qxb2 57. Qxd5 Qxf2+ 58. Kh3 Qa7 59. h5 a5 60.
hxg6+ fxg6 61. Ne4 a4 62. g5 a3 63. gxh6 Kxh6 64. Qd2+ Kh7 65. Ng5+ Kg8 66.
Qd8+ Bf8 67. Qd5+ Kh8 68. Qxe5+ Qg7 69. Qd5 Qf6 70. Nf7+ Kg7 71. Ng5 Qf5+ 72.
Qxf5 gxf5 73. Ne6+ Kf7 74. Nd4 a2 75. Nc2 Bg7 0-1

[Event "Internacional Femenino Linares 2013"]
[Site "Linares ESP"]
[Date "2013.09.13"]
[Round "8.3"]
[White "Milliet, Sophie"]
[Black "Daulyte, Deimante"]
[Result "1/2-1/2"]
[WhiteElo "2397"]
[BlackElo "2371"]
[PlyCount "77"]
[EventDate "2013.09.08"]
[EventType "tourn"]
[EventRounds "9"]
[EventCountry "ESP"]
[EventCategory "2"]
[Source "lmi"]
[SourceDate "2013.09.08"]

1. e4 e5 2. Nf3 Nc6 3. Bb5 Nf6 4. O-O Nxe4 5. Re1 Nd6 6. Nxe5 Be7 7. Bf1 Nxe5
8. Rxe5 O-O 9. Re1 Ne8 10. d4 d5 11. Nc3 Nf6 12. Bg5 Be6 13. Bd3 Qd7 14. Qf3
Rfe8 15. h3 c6 16. Re5 Qd8 17. Rae1 Nd7 18. Bxe7 Qxe7 19. R5e3 Qf6 20. Qxf6
Nxf6 21. f4 Bd7 22. Re5 Kf8 23. Kf2 h6 24. Kf3 Ng8 25. g4 f6 26. Rxe8+ Rxe8 27.
Rxe8+ Kxe8 28. f5 Ne7 29. Ne2 h5 30. b3 hxg4+ 31. hxg4 b6 32. Nf4 Ng8 33. c4
dxc4 34. bxc4 Nh6 35. Ne6 g5 36. Ng7+ Ke7 37. Nh5 c5 38. d5 Nf7 39. Be2 1/2-1/2

[Event "Internacional Femenino Linares 2013"]
[Site "Linares ESP"]
[Date "2013.09.13"]
[Round "8.4"]
[White "Matnadze, Ana"]
[Black "Guramishvili, Sopiko"]
[Result "1/2-1/2"]
[WhiteElo "2384"]
[BlackElo "2431"]
[PlyCount "62"]
[EventDate "2013.09.08"]
[EventType "tourn"]
[EventRounds "9"]
[EventCountry "ESP"]
[EventCategory "2"]
[Source "lmi"]
[SourceDate "2013.09.08"]

1. c4 c5 2. Nc3 Nc6 3. g3 g6 4. Bg2 Bg7 5. e3 e6 6. Nge2 Nge7 7. O-O O-O 8. d4
cxd4 9. Nxd4 Nxd4 10. exd4 d5 11. cxd5 Nxd5 12. Qb3 Bxd4 13. Nxd5 exd5 14. Qxd5
Qxd5 15. Bxd5 Bf5 16. Bh6 Rfd8 17. Bxb7 Rab8 18. Bf3 Bxb2 19. Rad1 Bg7 20. Bxg7
Kxg7 21. Rxd8 Rxd8 22. Re1 Kf6 23. Rc1 Rd6 24. h4 h5 25. Bd1 Ra6 26. Bb3 Be6
27. Rc5 Bxb3 28. axb3 Rb6 29. Ra5 Rxb3 30. Rxa7 Rb1+ 31. Kg2 Rb3 1/2-1/2

[Event "Internacional Femenino Linares 2013"]
[Site "Linares ESP"]
[Date "2013.09.13"]
[Round "8.5"]
[White "Hernandez Estevez, Yudania"]
[Black "Aranaz Murillo, Amalia"]
[Result "1-0"]
[WhiteElo "2248"]
[BlackElo "2262"]
[PlyCount "77"]
[EventDate "2013.09.08"]
[EventType "tourn"]
[EventRounds "9"]
[EventCountry "ESP"]
[EventCategory "2"]
[Source "lmi"]
[SourceDate "2013.09.08"]

1. e4 c6 2. d4 d5 3. e5 Bf5 4. Nf3 e6 5. Be2 Ne7 6. O-O h6 7. Nbd2 Nd7 8. Nb3
g5 9. Ne1 c5 10. Nxc5 Nxc5 11. dxc5 Nc6 12. Bd3 Be4 13. f3 Bxc5+ 14. Kh1 Bxd3
15. Nxd3 Bb6 16. f4 gxf4 17. Bxf4 Qd7 18. b4 O-O-O 19. a4 Rdg8 20. Qd2 Rg4 21.
a5 Bd8 22. b5 Ne7 23. Qc3+ Kb8 24. Qb3 Nf5 25. c4 dxc4 26. Qxc4 Ne3 27. Nc5 Qc8
28. Na6+ bxa6 29. Qxc8+ Kxc8 30. Bxe3 axb5 31. Rxf7 Bc7 32. Bxa7 Bxe5 33. Rb1
Rd8 34. g3 b4 35. Bc5 Bc3 36. a6 Kb8 37. Rb7+ Ka8 38. Rf1 Be5 39. Ra7+ 1-0

[Event "Internacional Femenino Linares 2013"]
[Site "Linares ESP"]
[Date "2013.09.14"]
[Round "9.1"]
[White "Aranaz Murillo, Amalia"]
[Black "Collado Barbas, Laura"]
[Result "1-0"]
[WhiteElo "2262"]
[BlackElo "2152"]
[PlyCount "75"]
[EventDate "2013.09.08"]
[EventType "tourn"]
[EventRounds "9"]
[EventCountry "ESP"]
[EventCategory "2"]
[Source "lmi"]
[SourceDate "2013.09.08"]

1. Nf3 e6 2. c4 f5 3. g3 Nf6 4. Bg2 d5 5. O-O Bd6 6. d3 c6 7. Nc3 O-O 8. e4 d4
9. Nxd4 Bxg3 10. hxg3 Qxd4 11. Be3 Qd8 12. d4 fxe4 13. Nxe4 Nbd7 14. Ng5 Nb6
15. b3 h6 16. Nf3 Bd7 17. Ne5 Be8 18. Bh3 Qe7 19. Qc2 Nbd7 20. Ng6 Bxg6 21.
Qxg6 Qf7 22. Qxf7+ Kxf7 23. Bf4 Rfe8 24. Rfe1 Rad8 25. Bc7 Rc8 26. Bd6 g5 27.
f3 h5 28. Re2 c5 29. dxc5 Nxc5 30. Re5 g4 31. Bxc5 gxh3 32. Bxa7 Rcd8 33. Re2
Rd3 34. Rf1 Red8 35. Kh2 Rd2 36. Rxd2 Rxd2+ 37. Rf2 Rd3 38. Bb8 1-0

[Event "Internacional Femenino Linares 2013"]
[Site "Linares ESP"]
[Date "2013.09.14"]
[Round "9.2"]
[White "Guramishvili, Sopiko"]
[Black "Hernandez Estevez, Yudania"]
[Result "1-0"]
[WhiteElo "2431"]
[BlackElo "2248"]
[PlyCount "80"]
[EventDate "2013.09.08"]
[EventType "tourn"]
[EventRounds "9"]
[EventCountry "ESP"]
[EventCategory "2"]
[Source "lmi"]
[SourceDate "2013.09.08"]

1. Nf3 d5 2. c4 c6 3. e3 Nf6 4. Qc2 a6 5. b3 Bg4 6. Be2 Nbd7 7. Bb2 e6 8. h3
Bh5 9. Nc3 Nc5 10. Ne5 Bxe2 11. Nxe2 Bd6 12. d4 Ncd7 13. O-O O-O 14. Ng3 Qe7
15. c5 Bc7 16. f4 Nxe5 17. dxe5 Nd7 18. Rac1 f6 19. exf6 Nxf6 20. Rf3 Rae8 21.
Kh1 Rf7 22. Bd4 Ref8 23. Rcf1 Nd7 24. b4 Qh4 25. Ne2 e5 26. Bb2 h6 27. Rg3 Nf6
28. Kg1 Ne4 29. Rg4 Qe7 30. Nc3 Nf6 31. Rg6 exf4 32. exf4 Qe3+ 33. Kh1 Bxf4 34.
Bc1 Qxc1 35. Rxc1 Bxc1 36. Qxc1 Ne4 37. Kh2 Ng5 38. h4 Nh7 39. Qxh6 Nf6 40. Qg5
Ra8 1-0

[Event "Internacional Femenino Linares 2013"]
[Site "Linares ESP"]
[Date "2013.09.14"]
[Round "9.3"]
[White "Daulyte, Deimante"]
[Black "Matnadze, Ana"]
[Result "0-1"]
[WhiteElo "2371"]
[BlackElo "2384"]
[PlyCount "70"]
[EventDate "2013.09.08"]
[EventType "tourn"]
[EventRounds "9"]
[EventCountry "ESP"]
[EventCategory "2"]
[Source "lmi"]
[SourceDate "2013.09.08"]

1. e4 c5 2. Nf3 d6 3. d4 cxd4 4. Nxd4 Nf6 5. Nc3 Nc6 6. Bg5 e6 7. Qd2 Qb6 8.
Nb3 a6 9. O-O-O h6 10. Bxf6 gxf6 11. f4 h5 12. Kb1 Bd7 13. h4 Rg8 14. Qe2 Rg4
15. g3 Rxg3 16. Qxh5 Qf2 17. Bd3 Rc8 18. Rdf1 Qb6 19. f5 Ne5 20. fxe6 Bxe6 21.
Nd5 Bxd5 22. exd5 Qe3 23. Qf5 Rc7 24. Re1 Qh6 25. Nd4 Kd8 26. Be4 Rg4 27. Qf2
Rf4 28. Qg3 Rg4 29. Qh3 Qf4 30. h5 Nc4 31. Re2 Re7 32. Bd3 Qxd4 33. c3 Rg1+ 34.
Rxg1 Qxg1+ 35. Kc2 Ne3+ 0-1

[Event "Internacional Femenino Linares 2013"]
[Site "Linares ESP"]
[Date "2013.09.14"]
[Round "9.4"]
[White "Brunello, Marina"]
[Black "Milliet, Sophie"]
[Result "0-1"]
[WhiteElo "2246"]
[BlackElo "2397"]
[PlyCount "124"]
[EventDate "2013.09.08"]
[EventType "tourn"]
[EventRounds "9"]
[EventCountry "ESP"]
[EventCategory "2"]
[Source "lmi"]
[SourceDate "2013.09.08"]

1. e4 e5 2. Nf3 Nc6 3. d4 exd4 4. Nxd4 Bc5 5. Nb3 Bb6 6. Qe2 Nge7 7. Nc3 O-O 8.
Be3 f5 9. O-O-O fxe4 10. Nxe4 Qe8 11. Kb1 d5 12. Nec5 a5 13. Na4 Bxe3 14. Qxe3
Nb4 15. Nac5 b6 16. Nd3 c5 17. Re1 Ra7 18. Nbc1 Qf7 19. Be2 Nbc6 20. Rhf1 Qf6
21. f4 d4 22. Qe4 Qf5 23. Qf3 c4 24. Nf2 Be6 25. Ne4 Bd5 26. Ng3 Bxf3 27. Nxf5
Bxe2 28. Nxe7+ Rxe7 29. Rxe2 Rfe8 30. Rxe7 Rxe7 31. a4 Kf7 32. Rd1 Re4 33. g3
Ke6 34. c3 dxc3 35. bxc3 h5 36. Kc2 h4 37. Kd2 hxg3 38. hxg3 Kd6 39. Rh1 Ne7
40. Rh5 Nd5 41. Rg5 Re7 42. Ne2 Nf6 43. Rb5 Kc7 44. Nd4 Ne4+ 45. Kc2 Nc5 46.
Nf5 Re2+ 47. Kc1 Rg2 48. Nxg7 Rxg3 49. Ne8+ Kc6 50. f5 Re3 51. Ng7 Nxa4 52. Rb1
Re1+ 53. Kc2 Re2+ 54. Kc1 Re1+ 55. Kc2 Rxb1 56. Kxb1 Nxc3+ 57. Kb2 Ne4 58. Ne6
Nf6 59. Kc3 b5 60. Kd4 a4 61. Nc5 a3 62. Na6 Nd5 0-1